Europe and the Hughli: (Record no. 211746)
[ view plain ]
| 000 -LEADER | |
|---|---|
| fixed length control field | 00624nam a22001937a 4500 |
| 005 - DATE AND TIME OF LATEST TRANSACTION | |
| control field | 20250612113052.0 |
| 010 ## - LCCN (DPL NO) | |
| LC control number | ENG-145296 |
| 020 ## - INTERNATIONAL STANDARD BOOK NUMBER | |
| International Standard Book Number | 9788170743439 |
| Terms of availability | 1395.00 |
| 035 ## - SYSTEM CONTROL NUMBER | |
| System control number | EN-128828 |
| 037 ## - SOURCE OF ACQUISITION | |
| Source of stock number/acquisition | DBAD |
| 082 ## - DEWEY DECIMAL CLASSIFICATION NUMBER | |
| Classification number | 954.43 |
| Edition number | 1 |
| 100 ## - MAIN ENTRY--PERSONAL NAME | |
| Personal name | Das, Suranjan |
| 245 ## - TITLE STATEMENT | |
| Title | Europe and the Hughli: |
| Remainder of title | The European Settlements on the West Bank of the River/ |
| Statement of responsibility, etc | Suranjan Das [and] Basudeb Chattopadhyay |
| 250 ## - EDITION STATEMENT | |
| Edition statement | 1 |
| 260 ## - PUBLICATION, DISTRIBUTION, ETC. (IMPRINT) | |
| Place of publication, distribution, etc | Kolkata |
| Name of publisher, distributor, etc | K P Bagchi & Company |
| Date of publication, distribution, etc | 2014 |
| 270 ## - ADDRESS | |
| Address | 286, B.B. Gangului Street |
| City | Kolkata |
| Postal code | 700012 |
| 300 ## - PHYSICAL DESCRIPTION | |
| Extent | 77p. |
| Dimensions | 22cm(hb) |
| 942 ## - ADDED ENTRY ELEMENTS (KOHA) | |
| Source of classification or shelving scheme | Dewey Decimal Classification |
| Item type | English Books |
| Classification part | 954.43 |
| Call number suffix | DAS |
| Edition | 1 |
| Withdrawn status | Lost status | Not for loan | Collection code | Home library | Current library | Date acquired | Source of acquisition | Cost, normal purchase price | Full call number | Barcode | Copy number | Cost, replacement price | Koha item type |
|---|---|---|---|---|---|---|---|---|---|---|---|---|---|
| Non-fiction | RC3 Shakur Pur | RC3 Shakur Pur | 12/06/2025 | Delivery of Books Act Division | 1395.00 | 954.43 DAS | EN-128828 | 1 | 1395.00 | English Books |
